LEADER 01051nam a2200205 i 4500 001 000000047321 003 CaOOAMICUS 005 20121005000000.0 008 121005s1898 it u000 u ita u 013 $a18491 040 $aSeMil$bita 100 1 $aMontagnani, Roberto.$0(OLS)http://semarc/name/23527 245 13$aUn eminente scolastico troppo dimenticato :$bnell'occasione d'una ristampa delle opere complete di Dionisio Certosino /$criflessioni di d. Roberto Montagnani dello stesso Ordine. 260 $aMontreuil-sur-Mer :$bImprimerie Notre-Dame des Prés,$c1898. 300 $a81 p. ;$c26 cm. 650 4$aDionigi : il Certosino.$0(OLS)http://semarc/subject/1109 850 $aSeMil 852 $aSeMil$W1$xVenegono$y1$m2C IV 56 FA$j13476$B13476$CSeMilBibl$Z2$F13476 $8I 996 $6245$aUn eminente scolastico troppo dimenticato :$bnell'occasione d'una ristampa delle opere complete di Dionisio Certosino$9(OLS)http://semarc/title/71244 996 $6260$aMontreuil-sur-Mer :$bImprimerie Notre-Dame des Prés$9(OLS)http://semarc/publisher/40892 LEADER 01048nam a2200241 i 4500 001 000000118926 003 CaOOAMICUS 005 20251029102147.0 008 040830s1965 fr a u000 u fre u 040 $aSeMil$bita 100 1 $aDelumeau, Jean,$d<1923-2020>.$0(OLS)http://semarc/name/9665 240 10$aNaissance et affirmation de la Réforme.$0(OLS)http://semarc/title/456409 245 10$aNaissance et affirmation de la Réforme /$cpar Jean Delumeau. 264 1$aParis :$bPresses Universitaires de France,$c1965. 300 $a417 p. :$bill. ;$c19 cm 490 1 $aNouvelle Clio ;$v30 650 4$aRiforma protestante.$0(OLS)http://semarc/subject/4876 830 0$aNouvelle Clio ;$v30.$0(OLS)http://semarc/title/15973 850 $aSeMil 852 $aSeMil$W1$xVenegono$y1$m3A I 287$j263953$B74171$CSeMilBibl$Z2$F85744 $81 996 $6245$aNaissance et affirmation de la Réforme$9(OLS)http://semarc/title/174705 996 $6264$aParis :$bPresses Universitaires de France$9(OLS)http://semarc/publisher/30047